<?xml version="1.0" encoding="UTF-8"?>
<collection xmlns="http://www.loc.gov/MARC21/slim">
 <record>
  <leader>00624pamaa2200193   4500</leader>
  <controlfield tag="001">0000048894</controlfield>
  <controlfield tag="005">20140428090000.0</controlfield>
  <controlfield tag="008">110323                             eng  </controlfield>
  <datafield tag="020" ind1="0" ind2="0">
   <subfield code="a">9780071464000 (pbk.) </subfield>
  </datafield>
  <datafield tag="090" ind1="0" ind2="0">
   <subfield code="a">HD2741 </subfield>
   <subfield code="b">COR 2003</subfield>
  </datafield>
  <datafield tag="245" ind1="1" ind2="0">
   <subfield code="a">Corporate governance  </subfield>
   <subfield code="c">John L. Colley, Jr. ...[et al.].</subfield>
  </datafield>
  <datafield tag="260" ind1="0" ind2="0">
   <subfield code="a">New York: </subfield>
   <subfield code="b">McGraw-Hill, </subfield>
   <subfield code="c">2003.</subfield>
  </datafield>
  <datafield tag="300" ind1=" " ind2=" ">
   <subfield code="a">xii, 259 p.: </subfield>
   <subfield code="b">ill.; </subfield>
   <subfield code="c">24 cm.</subfield>
  </datafield>
  <datafield tag="440" ind1="0" ind2="4">
   <subfield code="a">The McGraw-Hill executive MBA series</subfield>
  </datafield>
  <datafield tag="501" ind1="0" ind2="0">
   <subfield code="a">FOBCAL</subfield>
  </datafield>
  <datafield tag="504" ind1="0" ind2="0">
   <subfield code="a">Includes bibliographical references (p. 247-250) and index</subfield>
  </datafield>
  <datafield tag="650" ind1="0" ind2="0">
   <subfield code="a">Corporate governance </subfield>
  </datafield>
  <datafield tag="700" ind1="1" ind2="1">
   <subfield code="a">Colley, </subfield>
   <subfield code="h">John L. </subfield>
  </datafield>
  <datafield tag="901" ind1=" " ind2=" ">
   <subfield code="u">www.mhhe.com</subfield>
  </datafield>
 </record>
</collection>
